banner-ar

الكيمياء العامة وغير العضوية / (Record no. 27649)

MARC details
000 -الفاتح
حقل البيانات ثابتة الطول 00747nam a2200229Ia 4500
008 - عناصر البيانات ثابتة الطول - معلومات عامة
حقل البيانات ثابتة الطول 140319s9999 xx 000 0 ara d
040 ## - مصدر الفهرسة
وكالة الفهرسة الأصلية GCL /
وكالة النسخ GCL
082 04 - رقم تصنيف ديوى العشرى
رقم التصنيف 546
رقم المادة د ك
100 1# - المدخل الرئيسى - إسم شخصى
الإسم الشخصى ديورانت، ول
245 10 - بيان العنوان
العنوان الكيمياء العامة وغير العضوية /
بيان المسئوليه,etc ديورانت، ول
700 1# - المدخل الاضافى - اسم شخصى
الإسم الشخصى سامى كيريس طوبيا (مترجم)
700 1# - المدخل الاضافى - اسم شخصى
الإسم الشخصى عزت محمد خيرى (مترجم)
700 1# - المدخل الاضافى - اسم شخصى
الإسم الشخصى رشاد رزق(مراجع)
260 ## - PUBLICATION, DISTRIBUTION, ETC. (IMPRINT)
تاريخ النشر أو التوزيع 1962
300 ## - الوصف المادى
التعداد 950 ص
490 ## - بيان السلسلة
عنوان السلسلة
650 04 - المدخل الاضافى بالموضوع-مصطلح موضوعى
مصطلح موضوعي الفلزات
650 04 - المدخل الاضافى بالموضوع-مصطلح موضوعى
مصطلح موضوعي الكيمياء غير العضوية
650 04 - المدخل الاضافى بالموضوع-مصطلح موضوعى
مصطلح موضوعي القلويات
942 ## - عناصر المدخل الإضافي( كوها)
مصدر التصنيف او مخطط الترفيف Dewey Decimal Classification
Koha [default] item type كتاب
260 ## - PUBLICATION, DISTRIBUTION, ETC. (IMPRINT)
-- [S.N] :
-- المركزالقومى للاعلام والتوثيق ،
Holdings
حالة التراجع حالة الفقد حالة تلف ليس للاعارة المكان المؤقت الموقع الحالى تاريخ الاكتساب اجمالي اﻻعارات رقم الطلب الباركود تاريخ اخر مشاهدة تاريخ تفعيل السعر نوع وعاء كوها
        مكتبة القاهرة الكبرى مكتبة القاهرة الكبرى 03/26/2014   546\د ك 62895 03/26/2014 03/26/2014 كتاب
        مكتبة القاهرة الكبرى مكتبة القاهرة الكبرى 03/26/2014   546\د ك 62896 03/26/2014 03/26/2014 كتاب

Powered By

EGPV